| 000 | 00409nam a22001337a 4500 | ||
|---|---|---|---|
| 008 | 230703b xxu||||| |||| 00| 0 eng d | ||
| 082 |
_a338.967 _bNGE |
||
| 100 | _cNjuguna Ng'ethe | ||
| 245 |
_atowards indigenizing the policy Debate _bfrom Sessional Paper No. 10 to Structural Adjustment |
||
| 260 | _bInstitute of policy analysis and research | ||
| 300 | _a326p | ||
| 700 | _cWasunna Owino | ||
| 942 |
_2ddc _cBK |
||
| 999 |
_c3506 _d3506 |
||